000 01233naa a22003377a 4500
001 BR8204181
003 BR-BrBNA
005 20240918175128.0
007 ta
008 230509b bl.||||| |||| 00| 0 por d
040 _aBR-BrBNA
_bpor
_cBiblioteca Nacional de Agricultura
041 _a(Pt)
072 _aF00; F30
_b0170
_b0120
_bG514
090 _aF00 BR8204181
100 1 _aCarmo, C.M. do
100 1 _aAlves, J.F.
245 1 _aCompeticao de cultivares de sorgo granifero, Sorghum bicolor (L.)Moench, no municipio de Pentecoste [milho, Ceara, Brasil]
260 3 _aFortaleza, CE (Brasil):
_c1982.
500 _aConvenio BNB/FCPC/UFC. Programa de pesquisa com a cultura do sorgo. Relatorio de pesquisa 1981 Fortaleza, CE (Brasil): 1982. p. 1-8 (BR8204181-AM)F00
650 _aCOMPETICAO DE VARIEDADE
650 _aSORGO GRANIFERO
650 _aMILHO
650 _aPRATICA CULTURAL
650 _aPRODUTIVIDADE
650 _aADUBACAO
650 _aPENTECOSTE
650 _aCEARA
773 0 _tConvenio BNB/FCPC/UFC. Programa de pesquisa com a cultura do sorgo. Relatorio de pesquisa 1981
_wF00 BR8204181
_gFortaleza, CE (Brasil), 1982. p. 1-8
909 _a202404
_bLucia
_c55
_dLucia Elande
942 _cAM
_2AGRIS
999 _c315164
_d315164